000 00649nam a2200217 i 4500
001 115071
003 ES-MaACL
005 20250707062602.0
007 t|
008 070221s1911 sp ||||1| spa d
080 _a821.134.2-32"19"
100 1 _aAlsina Clota, José.
_920486
245 1 0 _aCabo de las tormentas /
_cpor José Alsina ; ilustraciones de Manchón.
260 _aMadrid :
_bEl Cuento Semanal,
_c1911.
300 _a20 p. :
_bil. ;
_c26 cm.
490 1 _aEl cuento semanal ;
_v246
700 1 _aManchón, Ramón.
_975926
830 0 3 _aEl cuento semanal
_v246
_9185957
852 _aES-MaACL
_jG-4448(10)
999 _c115071
_d115071